<?xml version="1.0" encoding="UTF-8"?>
<record
    xmlns:xsi="http://www.w3.org/2001/XMLSchema-instance"
    xsi:schemaLocation="http://www.loc.gov/MARC21/slim http://www.loc.gov/standards/marcxml/schema/MARC21slim.xsd"
    xmlns="http://www.loc.gov/MARC21/slim">

  <leader>     nas a22     7u 4500</leader>
  <datafield tag="999" ind1=" " ind2=" ">
    <subfield code="c">7460</subfield>
    <subfield code="d">7460</subfield>
  </datafield>
  <controlfield tag="001">WIIW0000046</controlfield>
  <controlfield tag="003">OSt</controlfield>
  <controlfield tag="005">20170929114238.0</controlfield>
  <controlfield tag="006">afr|m|r|||| 00| 0 </controlfield>
  <controlfield tag="008">170908c20139999a  fr|m| ||||||0| | eng|d</controlfield>
  <datafield tag="040" ind1=" " ind2=" ">
    <subfield code="c">OSt</subfield>
  </datafield>
  <datafield tag="041" ind1=" " ind2=" ">
    <subfield code="a">eng</subfield>
  </datafield>
  <datafield tag="110" ind1="2" ind2=" ">
    <subfield code="a">Wiener Institut f&#xFC;r Internationale Wirtschaftsvergleiche (wiiw)</subfield>
    <subfield code="9">3</subfield>
  </datafield>
  <datafield tag="245" ind1=" " ind2=" ">
    <subfield code="a">wiiw Forecast Reports</subfield>
  </datafield>
  <datafield tag="260" ind1=" " ind2=" ">
    <subfield code="a">Wien :</subfield>
    <subfield code="b">Wiener Institut f&#xFC;r Internationale Wirtschaftsvergleiche (wiiw),</subfield>
    <subfield code="c">2014-</subfield>
  </datafield>
  <datafield tag="362" ind1=" " ind2=" ">
    <subfield code="a">2014-</subfield>
  </datafield>
  <datafield tag="363" ind1="0" ind2="1">
    <subfield code="a">Spring</subfield>
    <subfield code="i">2014</subfield>
  </datafield>
  <datafield tag="780" ind1="0" ind2="0">
    <subfield code="w">WIIW0000045</subfield>
    <subfield code="t">wiiw Current Analyses and Forecasts</subfield>
  </datafield>
  <datafield tag="856" ind1="4" ind2=" ">
    <subfield code="u">https://wiiw.ac.at/wiiw-forecast-reports-ps-50.html</subfield>
  </datafield>
  <datafield tag="942" ind1=" " ind2=" ">
    <subfield code="c">SE</subfield>
  </datafield>
</record>
